Statistiques concernant Culture Générale - Série 72

Cliquez ici pour prendre le quiz!

Statistiques générales

  • Ce quiz a été pris 436 fois
  • Le résultat moyen est 5 sur 10

Statistiques - réponses

QuestionRéponse% Correct
Comment se prénommait la soeur, sculptrice, de Paul Claudel ?Camille
70%
A quel écrivain doit-on le personnage de Boule-de-Suif ?Guy de Maupassant
63%
En France,qui a proposé le droit de vote des femmes en 1944 ?Charles De Gaulle
61%
Avec quel chanteur Carole Fredericks & Michael Jones ont-ils formé un trio ?Jean Jacques Goldman
59%
En France,en quelle année la loi a-t-elle baissé la majorité civile de 21 à 18 ans ?1974
57%
En quelle année a été créée l’École Nationale d’Administration ?1945
48%
L’élection du président de la République française au suffrage universel figure dans la Constitution depuis :1962
37%
Quel nom rime avec Paul-Loup Sulitzer dans "Foule sentimentale" de Souchon ?Claudia Schiffer
28%
Qui a supprimé la double peine, abrogeant ainsi l’automaticité de l’interdiction de séjour en France pour les étrangers condamnés pour un crime à l’issue de l’exécution de leur peine ?Nicolas Sarkozy
25%
Quelle institution trouve-t-on au sommet de la justice administrative ?Conseil d'état
23%

Distribution des résultats

Percentile par nombre de réponses

% des personnes avec chaque résultat

Votre développement - résultats

Vous n’avez pas pris ce quiz